Statistics for Burkina Faso Country Quiz

Click here to take the quiz!

General Stats

  • This quiz has been taken 7,751 times
    (7,701 since last reset)
  • The average score is 11 of 15

Answer Stats

ClueAnswer% Correct
Bordering countriesNiger
96%
European country that colonized Burkina Faso, 1896–1960France
95%
Bordering countriesMali
94%
Bordering countriesGhana
93%
Bordering countriesTogo
92%
Bordering countriesBenin
91%
Bordering countriesIvory Coast
90%
Capital of Burkina FasoOuagadougou
73%
Metal that comprises 47% of exportsGold
72%
Educational statistic that has increased from 9% to 41% in the last 40 years{Literacy} Rate
72%
Former name of Burkina Faso (hint: a "shocking" river)Upper {Volta}
67%
Fiber that comprises 31% of exportsCotton
57%
Semi-arid region below the Sahara in which northern Burkina Faso liesSahel
53%
Revolutionary known as the "African" Che Guevara{Thomas} Sankara
20%
Most-spoken native language (hint: starts with M)Mossi
18%

Score Distribution

Percentile by Number Answered

Percent of People with Each Score

Your Score History

You have not taken this quiz since the last reset